Les enseignements d'Amenemhaît Ier à son fils Sanouasrît Ier transcrits et publiés /

Saved in:

Main Author: Amenemhet I, King of Egypt, -1962 B.C.

Other Authors: Maspero, G., 1846-1916., Lacau, Pierre, 1873-1963.

Format: Book

Language: French

Published: Le Caire : Impr. de l'Institut franaise d'archologie orientale, 1914.

Series: Bibliotheque d'Etude ; 6.
BDE ; 6.

Subjects:

Tags: Add Tag

No Tags, Be the first to tag this record!

Call Number: DT57 .C18 v.6

LEADER 01050cam a2200313Mi 4500
001 ocm74983809
003 OSt
005 20260427094118.0
008 000828s1914 ua 00000 fre d
040 |c ARCE Library 
043 |a f-ua--- 
050 4 |a DT57 .C18 v.6 
100 0 |a Amenemhet   |b I,   |c King of Egypt,   |d -1962 B.C. 
245 1 4 |a Les enseignements d'Amenemhaît Ier à son fils Sanouasrît Ier transcrits et publiés /   |c par M. Gaston Maspero. 
264 1 |a Le Caire :  |b Impr. de l'Institut franaise d'archologie orientale,   |c 1914. 
300 |a lvii, 138 p. ;   |c 28 cm. 
490 0 |a Bibliotheque d'Etude ;   |v 6. 
490 0 |a BDE ;   |v 6. 
650 0 |a Ethics, Egyptian. 
650 0 |a Inscriptions, Egyptian. 
650 0 |a Egyptian language   |v Texts. 
650 0 |a Egyptian language   |x Writing, Hieroglyphic. 
651 0 |a Egypt  |x Civilization. 
651 0 |a Egypt  |x Antiquities. 
700 1 |a Maspero, G.,   |q (Gaston),   |d 1846-1916. 
700 1 |a Lacau, Pierre,  |d 1873-1963. 
901 |a reviewed 
942 |2 lcc  |c BK 
999 |c 56884  |d 56884